Datum a čas kvízu
27
Celkem bodů
Celkový počet nahraných bodů na tomto kvízu bez doplňovacích otázek.
3.
Pořadí na kvízu
Konečné umístění týmu na tomto kvízu.
Zaznamenané odpovědi
| # | Otázka | Odpověď | Body | Výsledky |
|---|---|---|---|---|
| 1. | Česko monitoruje situaci a vyh... | Severní Korea | 0 | |
| 2. | Hudba z kterého amerického fil... | Terminátor | 0 | |
| 3. | Česká národní banka vydala stř... | Bedřich Smetana | 1 | |
| 4. | Minulý týden byl ohlášen defin... | vývojem elektromobilu (automobilu) | 0 | |
| 5. | Jak se jmenuje dosavadní šéf Č... | Ivo Kaderka | 1 | |
| 6. | Napište, kterým slovem se ozna... | okostice (periost) | 0 | |
| 7. | Ve kterém českém městě najdeme... | v Brně | 0 | |
| 8. | Hlavní postava seriálu Sběrate... | Booth | 0 | |
| 9. | Kterému zvířeti patří tato kos... | hrochovi | 1 | |
| 10. | V září roku 2012 byla pod park... | Richard III. | 0 |